Oman pour les touristes... - Facile - Statistiques

Statistiques générales
  • Ce quiz a été pris 17 fois
  • Le résultat moyen est 11 sur 20
Statistiques - réponses
Question Indice Réponses Indice facile % Correct
Quelle est la langue officielle ? Arabe
100%
Achats à faire 2/ Boites à Bijoux OXUBJI
88%
Le principal aéroport est M Mascate
88%
Combien d'heures (environ) mettrez-vous pour vous y rendre ? (en chiffres) 7
81%
Le suffixe internet est om
81%
Code sur les plaques minéralogiques OM
81%
Quelles sont les principaux lieux touristiques ? S {Sur} RUS
81%
Achats à faire 3/ Pour préparer le café Cafetière CREFEATEI
75%
Quelles sont les principaux lieux touristiques ? W Wadis de l'{Est} STE
75%
La religion majoritaire est Islam I
69%
Comment se nomme la principale compagnie aérienne locale O A Oman Air RNAIAOM
69%
Dans la capitale quel est le décalage horaire avec Paris ? (+ ou - et chiffre) ex - 10 ou + 3,5 + 2
63%
Quel est le climat local ? D Désertique
56%
Quel est le régime du pays ? M A Monarchie absolue
38%
Quelle est la monnaie ? Rial omanais R
38%
Achats à faire 4/ Maquette de bateau appelé Boutre RUOBTE
25%
Quelles sont les principaux lieux touristiques ? S Djebel {Shams} MSASH
19%
Quelles sont les principaux lieux touristiques ? R {Ras-al-Jinz} AJNASRZLI
6%
Quelles sont les principaux lieux touristiques ? A Village d'{Al-Hamra} RMHAALA
6%
Achats à faire 1/ Bijoux Bédouins BDNIEOSU
0%
Aucun quiz correspondant
Distribution des résultats
% des personnes avec chaque résultat
Percentile par nombre de réponses
Votre historique - résultats
Vous n’avez pas pris ce quiz